000 00438nam a2200181Ia 4500
001 23390
005 20260414150934.0
008 260414t2007||||xx |||||||||||||| ||spa||
041 _aESP
082 _a631.587
_bP27
100 _aPascual España, Bernardo
_eAUT
245 0 _aRiesgo de gravedad y a presión
_b
260 _c2007
300 _a373 páginas :
_c24 cm.
650 _aCNM
654 _aCCN
942 _cLIB
_dJUS
_fJUS
_2ddc
_n
999 _c23390
_d23390